| 000 | 00000nam##2200000za#4500 |
| 001 | 9.642082 |
| 003 | CaOODSP |
| 005 | 20210624223529 |
| 007 | cr ||||||||||| |
| 008 | 150407|2000||||xxc|||||o f|0| 0 fre|d |
| 040 | |aCaOODSP|bfre |
| 043 | |an-cn--- |
| 086 | 1 |aR72-289/2000F-PDF |
| 110 | 1 |aCanada.|bAffaires indiennes et du Nord. |
| 245 | 10|aAccord définitif Nisga'a |h[ressource électronique] |
| 260 | |aOttawa - Ontario : |bAffaires indiennes et du Nord |c[2000]. |
| 300 | |a279p.|bglossaire, tableaux |
| 590 | |a13-16-Supp|b2013-07-12 |
| 691 | 07|aAccord|2gcpds |
| 691 | 07|aAutochtones|2gcpds |
| 691 | 07|aRevendication territoriale|2gcpds |
| 691 | 07|aTerres autochtones|2gcpds |
| 775 | 08|tNisga'a final agreement |w(CaOODSP)9.698086 |
| 856 | 40|ahttp://publications.gc.ca|qPDF|s15.06 Mo|uhttps://publications.gc.ca/collections/collection_2013/aadnc-aandc/R72-289-2000-fra.pdf |